Statistics for Pi digits 601-800

Click here to take the quiz!

General Stats

  • This quiz has been taken 534 times
  • The average score is 62 of 200

Answer Stats

Digit% Correct
0
100%
0
100%
0
100%
5
93%
6
93%
8
93%
1
67%
0
60%
1
60%
2
60%
2
60%
4
60%
5
60%
6
60%
7
60%
2
53%
3
53%
5
53%
6
53%
8
53%
0
40%
0
40%
0
40%
0
40%
0
40%
0
40%
1
40%
2
40%
3
40%
4
40%
5
40%
7
40%
7
40%
7
40%
7
40%
8
40%
0
33%
0
33%
0
33%
1
33%
1
33%
1
33%
1
33%
1
33%
1
33%
2
33%
2
33%
2
33%
2
33%
2
33%
2
33%
2
33%
3
33%
3
33%
3
33%
3
33%
3
33%
3
33%
4
33%
4
33%
4
33%
4
33%
4
33%
4
33%
4
33%
5
33%
5
33%
5
33%
5
33%
5
33%
5
33%
5
33%
5
33%
6
33%
6
33%
6
33%
6
33%
6
33%
7
33%
7
33%
7
33%
7
33%
7
33%
7
33%
7
33%
7
33%
7
33%
7
33%
8
33%
8
33%
8
33%
8
33%
8
33%
8
33%
9
33%
9
33%
9
33%
9
33%
9
33%
9
33%
9
33%
9
33%
9
33%
0
27%
0
27%
0
27%
0
27%
0
27%
1
27%
1
27%
1
27%
1
27%
1
27%
2
27%
2
27%
2
27%
2
27%
4
27%
5
27%
6
27%
6
27%
9
27%
9
27%
9
27%
9
27%
0
20%
0
20%
1
20%
1
20%
1
20%
1
20%
1
20%
1
20%
1
20%
1
20%
2
20%
2
20%
2
20%
3
20%
3
20%
3
20%
3
20%
3
20%
4
20%
4
20%
4
20%
4
20%
4
20%
4
20%
5
20%
5
20%
5
20%
6
20%
6
20%
6
20%
7
20%
7
20%
7
20%
7
20%
7
20%
7
20%
7
20%
7
20%
8
20%
8
20%
8
20%
8
20%
8
20%
8
20%
9
20%
9
20%
9
20%
9
20%
9
20%
9
20%
9
20%
9
20%
9
20%
9
20%
9
20%
9
20%
9
20%
1
13%
1
13%
1
13%
2
13%
3
13%
3
13%
3
13%
5
13%
6
13%
6
13%
7
13%
7
13%
8
13%
9
13%
9
13%
5
7%
8
7%
9
7%

Score Distribution

Percentile by Number Answered

Percent of People with Each Score

Your Score History

You have not taken this quiz